| 000 | 00985nam a2200313 c 4500 | ||
|---|---|---|---|
| 001 | 20463 | ||
| 003 | ES-MaCES | ||
| 005 | 20150929123838.0 | ||
| 008 | 070820s2006 sp d t 000 | spa d | ||
| 035 | _aCES20070010258m | ||
| 040 |
_aES-MaCES _bspa _cES-MaCES |
||
| 245 | 0 | 0 |
_aNuevos modelos de desarrollo económico para la empresa española en el ámbito turístico _b: [Programa FSE-EOI] |
| 260 |
_a[Madrid] _bEOI _c2006 |
||
| 300 |
_a143 h. _bgráf. col. _c30 cm |
||
| 500 | _aSubt. tomado de la cub. | ||
| 504 | _aBibliografía: h. 143 | ||
| 541 | _cGratuito | ||
| 650 | 4 |
_aempresa turística _930219 |
|
| 650 | 4 |
_adesarrollo turístico _930223 |
|
| 650 | 4 |
_adesarrollo económico _927093 |
|
| 650 | 4 |
_aEspaña _926964 |
|
| 653 | 1 | 0 | _aTurismo |
| 650 | 4 |
_928178 _aempresa |
|
| 650 | 4 |
_927890 _aturismo |
|
| 710 | 2 |
_aEscuela de Organización Industrial _eed. _92702 |
|
| 902 | _aLIB Libro | ||
| 942 |
_2CES _cBK _h5.2. |
||
| 999 |
_c20463 _d20463 |
||